| 000 | 01776nam a22004457a 4500 | ||
|---|---|---|---|
| 003 | CHAP | ||
| 005 | 20220329143413.0 | ||
| 008 | 090417s2008 mx r 00010 spa d | ||
| 010 | _a96071 | ||
| 011 | _a97043 | ||
| 035 | _a107702 | ||
| 040 | _cCHAP | ||
| 090 | _aTesis | ||
| 100 | 1 |
_aRamos Ramírez, Pedro. _994479 |
|
| 245 | 1 | 0 |
_aDesarrollo, crecimiento y desaparición de la comercializadora Palos Altos S.P.R de R.L, del municipio de Ixtlahuacán del Rio, Jalisco (1999 -2004) _c/por Pedro Ramos Ramírez |
| 260 |
_aBermejillo, Durango Méx. : _bEl autor, _c2008 |
||
| 300 |
_ax, 133 h. : _bcuadros, gráfs., mapas |
||
| 502 | _aTesis (Ing. Agr. Eps. en Zonas Áridas) -- UACH. Unidad Regional Universitaria de Zonas Áridas | ||
| 530 | _aTambién disponible en línea | ||
| 590 |
_aALEPH _b10 _c20130110 _lUCH01 _h1529 |
||
| 590 |
_aBATCH-UPD _b10 _c20130110 _lUCH01 _h0813 |
||
| 590 |
_aBATCH-UPD _b10 _c20130410 _lUCH01 _h0450 |
||
| 590 |
_aBATCH-UPD _b10 _c20130914 _lUCH01 _h1056 |
||
| 590 |
_aBATCH-UPD _b10 _c20140324 _lUCH01 _h1512 |
||
| 590 |
_aBATCH-UPD _b10 _c20141002 _lUCH01 _h0839 |
||
| 590 |
_aCONVERSION _b10 _c20130109 _lUCH01 _h1353 |
||
| 650 | 1 | 4 |
_aCrecimiento. _928871 |
| 650 | 1 | 4 |
_aEmpresas. _936635 |
| 650 | 1 | 4 |
_aMaíz _xComercialización. _970907 |
| 650 | 1 | 4 |
_aMaíz _xProducción. _971041 |
| 650 | 1 | 4 |
_aMaíz _zJalisco. _971096 |
| 650 | 1 | 4 |
_aMéxico _xMunicipios. _976781 |
| 650 | 1 | 4 |
_aOrganización de productores. _983544 |
| 650 | 1 | 4 |
_aPolítica y gobierno _zMéxico. _990719 |
| 856 |
_3Finding aid _uhttp://10.13.5.2/tesis/107702.pdf _zTeclea aqui |
||
| 901 | _aBK | ||
| 942 | _cFOLL | ||
| 949 |
_aTesis _bBC _cTES _d33724002090777 _eTS1 _gDonaciØn _h49231 _i107702 _sb |
||
| 949 |
_aTesis _bBC _cTES _d33724002090819 _eTS2 _fc.2 _gDonaciØn _h49232 _i107702 _sb |
||
| 999 |
_c96071 _d96071 |
||